000 01783nam a22002177a 4500
005 20210216142701.0
020 _a9781771887915
037 _aBC_721 31
_fbroch
040 _aBC-ENSA
_bfre
041 _aang
_bang
080 _a631
100 _aGOYAL, MEGH R./PANDIAN, B.J.
245 _aManagement Strategies for Water Use Efficiency and Micro Irrigated Crops
_bPrinciples, Practices, and Performance
260 _bApple Academic Press
_c2019
300 _a354 p.
_bill.
_c24 cm
520 _aManagement Strategies for Water Use Efficiency and Micro Irrigated Crops presents new research and technologies for making better use of water resources for agricultural purposes. The chapters focus on better management to improve allocation and irrigation water efficiency and look at performance factors as well. Chapters look at irrigation technology, environmental conditions, and scheduling of water application. One section of the book focuses on water management in the cultivation of sugarcane, a very important industrial crop used in many fields. Other sections are devoted to principles and challenging technologies, water use efficiency for drip-irrigated crops, performance of fertigated rice under micro irrigation, and evaluation of performance of drip-irrigated crops. This valuable book is a must for those struggling to find ways to address the need to maintain efficient crop production in the midst of water shortages. With chapters from hands-on experts in the field, the book will be an invaluable reference and guide to effective micro irrigation methods.
541 _cACHN
562 _e01 exemplaire(s)
653 _aGESTION/IRRIGATION/TECHNOLOGIE/ENGRAIS/ZONE ARIDE/PRODUCTION ANIMALE
942 _c09
999 _c32942
_d60940